| 000 | 01312cam a2200409 4500 | ||
|---|---|---|---|
| 008 | 090401t1993 xxu||||| |||| 00| 0 eng d | ||
| 020 | _a1853341789 | ||
| 035 | _a(Sirsi) u71757 | ||
| 041 | _aeng | ||
| 050 | _a690.23094 | ||
| 110 |
_aBernard Williams Associates _93335 |
||
| 245 | _aBuilding and development economics in the EC. | ||
| 260 |
_aLondon _bFinancial Times Business Information _c1993 |
||
| 300 | _axii,230p. ; 30cm. | ||
| 350 | _a283 | ||
| 490 |
_aFinancial Times _vManagement Reports |
||
| 520 | _aAnalyses and compares construction costs in the EC and looks at the European property market. Chapters on individual countries are followed by general chapters on EC development activity, the procurement process, the development budget and comparative construction costs. | ||
| 650 | _aBELGIUM | ||
| 650 | _aBUILT ENVIRONMENT-BUILDING COSTS | ||
| 650 | _aBUILDING ECONOMICS | ||
| 650 | _aBUILDING INDUSTRY | ||
| 650 | _aDENMARK | ||
| 650 | _aEUROPEAN COMMUNITY | ||
| 650 | _aFRANCE | ||
| 650 | _aGERMANY | ||
| 650 | _aGREECE | ||
| 650 | _aIRELAND | ||
| 650 | _aITALY | ||
| 650 | _aLUXEMBOURG | ||
| 650 | _aNETHERLANDS | ||
| 650 | _aPORTUGAL | ||
| 650 | _aSPAIN | ||
| 650 | _aSPECIFICATIONS | ||
| 690 | _aOVERSEAS-EUROPE | ||
| 942 | _n0 | ||
| 948 | _c04/03/1997 | ||
| 999 |
_c95433 _d95433 |
||